| 000 | 00387nam a2200133Ia 4500 | ||
|---|---|---|---|
| 008 | 231129s9999||||xx |||||||||||||| ||spa|| | ||
| 020 | _a950-02-9823-6 | ||
| 040 | _bspa | ||
| 082 | _a595.7 P291c | ||
| 100 | _aPastrana José Antonio | ||
| 245 | 0 | _aCaza preparación y conservación de insectos | |
| 264 | _aLibrería el Ateneo | ||
| 942 |
_2ddc _cBKS |
||
| 999 |
_c6811 _d6811 |
||